ARRUPE JESUIT UNIVERSITY

CORONAVIRUS -STOP THE SPREAD - CLEAN,DISINFECT,COVER

Christian reflection in Africa: (Record no. 129966)

MARC details
000 -LEADER
fixed length control field 00443nam a22001337a 4500
008 - FIXED-LENGTH DATA ELEMENTS--GENERAL INFORMATION
fixed length control field 191112b ||||| |||| 00| 0 eng d
020 ## - INTERNATIONAL STANDARD BOOK NUMBER
International Standard Book Number 978-1-78368-897-5
050 ## - LIBRARY OF CONGRESS CALL NUMBER
Classification number BT30.A4 C555 2018
245 ## - TITLE STATEMENT
Title Christian reflection in Africa:
Remainder of title review and engagement
Statement of responsibility, etc / edited by Paul Bowers
260 ## - PUBLICATION, DISTRIBUTION, ETC. (IMPRINT)
Place of publication, distribution, etc Carlisle:
Name of publisher, distributor, etc Langham Global Library,
Date of publication, distribution, etc 2018
300 ## - PHYSICAL DESCRIPTION
Extent xvi, 784p. ;
Dimensions 26cm.
700 ## - ADDED ENTRY--PERSONAL NAME
Personal name Bowers, Paul
Relator term ed.
9 (RLIN) 48504
942 ## - ADDED ENTRY ELEMENTS (KOHA)
Source of classification or shelving scheme Library of Congress Classification
Item type Monograph ( Printed materials)
Holdings
Withdrawn status Lost status Source of classification or shelving scheme Damaged status Not for loan Collection code Home library Current library Shelving location Date acquired Total Checkouts Full call number Barcode Date last seen Price effective from Koha item type
    Library of Congress Classification     Main Collection ARRUPE LIBRARY ARRUPE LIBRARY Main Collection 12/11/2019   BT30.A4 C555 2018 46600005775 12/11/2019 12/11/2019 Monograph ( Printed materials)

 

Arrupe Library. PO Box MP320 Mt Pleasant, Harare, Zimbabwe
263 242 745411|librarian@aju.ac.zw